000 00382nam a22001577a 4500
999 _c532268
_d532268
003 NUST
005 20191115100901.0
008 191115b ||||| |||| 00| 0 eng d
038 _aMSOHAIL
082 _a0
100 _aHuman Rights Center
_925648
245 _aInsani Hookok Handbook
260 _aRawalpindi
_bNew Art Main Printers
_cN.D.
300 _ap;452
942 _2ddc
_cBK